Detalles MARC
| 000 -LEADER |
| longitud fija campo de control |
02194nab a22002777a 4500 |
| 003 - IDENTIFICADOR DE NUMERO DE CONTROL |
| control del campo |
AR-RoUNA |
| 040 ## - ORIGEN DE LA CATALOGACION |
| Agencia que cataloga la obra original |
AR-RoUNA |
| Idioma en que se cataloga |
spa |
| 041 ## - CODIGO DE IDIOMA |
| Codigo de idioma del texto / sonido o titulo separado |
spa |
| Codigo de idioma de la traduccion original y / o intermedios de texto |
spa |
| 044 ## - CODIGO DE PAIS / ENTIDAD PRODUCTORA |
| Codigo MARC del pais |
ag |
| 110 1# - ASIENTO PRINCIPAL - AUTOR INSTITUCIONAL |
| Unidad subordinada |
Universidad del Zulia. Venezuela |
| 9 (RLIN) |
28 |
| Nombre corporativo o de jurisdiccion como elemento de entrada |
Facultad de Arquitectura y Diseño |
| 245 1# - TITULO PROPIAMENTE DICHO |
| Titulo |
Portafolio : |
| Subtitulo |
Revista Arbitrada por la Facultad de Arquitectura y Diseño. Universidad del Zulia |
| Medio |
Nº 22 |
| 260 ## - EDITORIAL - PUBLICACION, DISTRIBUCION, ETC. (Pie de imprenta) |
| Lugar de publicacion, distribucion, etc |
Venezuela, Universidad del Zulia : |
| Nombre del editor, distribuidor, etc |
Francisco Mustieles, |
| Fecha de publicacion |
2000 |
| 300 ## - DESCRIPCION FISICA |
| Extension |
77 p. : |
| Otros detalles fisicos |
dib., |
| -- |
fot. byn., |
| -- |
plantas, |
| Dimensiones |
27x21 cm |
| 505 ## - NOTA DE CONTENIDO CON FORMATO |
| Título principal |
Javier Suarez Acosta / EDITORIAL. p.4-5 |
| Título |
Lourdes Peñaranda / A Proposito de la Independencia de la forma en el Arte. p.6-15 |
| -- |
Carmen Grisolia Carmona / El Diseño Grafico y su Rol en la Construccion de la Identidad Urbana. Caso de Estudio: Merida, Venezuela. p.16-30 |
| -- |
Jhonatan Medina Cardona / Emblema y Empresas en Venezuela. Procesos de Traduccion y Sustitucion Semiotica en la Heraldica Sociopolitica Contemporanea. p.32-43 |
| -- |
Yolegmma Marquez de Vidal / Del Arte a la Arquitectua y al Diseño. Valoracion Estetica y Procesos Creativos. p.44-53 |
| -- |
Hender Viloria Matheus / Impacto de las Tecnologias de la Informacion y la Comunicacion en el Desarrollo de la Infografia Digital. p. 54-62 |
| -- |
Jose Ignacio Sanchez /Jose Enrique Finol. Los Imaginarios de lo Cotidiano en la Comprension de un Mundo Diseñado. p.64-67 |
| -- |
Esteban Lazzetta Di Stasio / Reseña de Eventos. X Congreso Internacional de la Psicoogia Social de la Libracion. Caracas Venezuela. Universidad Central de Venezuela y Universidad Catolica. Andres Bello. p.68 |
| -- |
Esteban Lazzetta Di Stasio / Reseña de Eventos. X Congreso Internacional de Historia Regional y Local Coro Eduardo Falcon Venezuela. Universidad Nacional Experimental Francisco de Miranda Sede Complejo Educativo Los Perozo.. p.69 |
| 650 ## - MATERIA - TERMINO TEMATICO |
| Fuente del encabezamiento |
Arquitectura |
| 650 ## - MATERIA - TERMINO TEMATICO |
| Fuente del encabezamiento |
Arte |
| 650 ## - MATERIA - TERMINO TEMATICO |
| Fuente del encabezamiento |
Diseño Grafico |
| 653 ## - MATERIA - PALABRAS CLAVES |
| Palabras claves |
Tecnologia de la Informacion |
| 653 ## - MATERIA - PALABRAS CLAVES |
| Palabras claves |
Tecnologia de la Comunicacion |
| 773 0# - ENTRADA DEL ITEM MAYOR |
| Entrada principal |
PortaFolio |
| Lugar, editorial y fecha de la publicación |
Venezuela, Universidad del Zulia, 2000 |
| Vol. - nro. (mes-año), pág. |
vol 2 Nº 22 (jul-dic 2010) p.67 |
| ISSN |
1317-2085 |
| 856 ## - LOCALIZACION ELECTRONICA Y ACCESO |
| Identificador uniforme de recursos |
<a href="www.fad.luz.edu.ve/portafolio/">www.fad.luz.edu.ve/portafolio/</a> |
| 908 ## - SOPORTE |
| Soporte |
Imp |
| 942 ## - FUENTE DE CLASIFICACION |
| Clasificacion |
Universal Decimal Classification |
| Tipo de item |
Analítica |
| 945 ## - INFORMACION DE PROCESAMIENTO |
| Codigo del operador |
ZBK |